Percy Bysshe Shelley - Ozymandias - Statistics

General Stats
  • This quiz has been taken 121 times
  • The average score is 69 of 111
Answer Stats
Answer % Correct
a
98%
an
96%
I
96%
and
93%
And
93%
of
93%
Of
93%
Ozymandias,
89%
Who
89%
'My
87%
my
87%
is
84%
king
84%
land
84%
on
84%
ye
84%
despair!'
82%
from
82%
kings:
82%
Look
82%
met
82%
mighty,
82%
the
82%
The
82%
traveller
82%
name
80%
works,
78%
antique
73%
in
71%
legs
67%
sand,
67%
stone
64%
desert . . .
62%
"Two
62%
far
60%
said:
60%
trunkless
60%
Stand
58%
that
58%
vast
58%
visage
58%
away."
56%
Nothing
56%
Half
53%
them,
53%
lies,
51%
remains.
51%
sneer
51%
sunk,
51%
shattered
49%
cold
47%
command,
47%
stretch
47%
words
47%
beside
44%
colossal
44%
fed:
44%
heart
44%
Near
44%
sands
44%
sculptor
44%
Tell
44%
hand
42%
level
42%
lone
42%
these
42%
wreck,
42%
appear:
40%
bare
40%
mocked
40%
read
40%
those
40%
well
40%
boundless
38%
lip,
38%
passions
38%
whose
38%
frown,
36%
its
36%
wrinkled
36%
pedestal
33%
Round
31%
decay
29%
stamped
29%
lifeless
27%
things,
27%
yet
22%
survive,
20%
Which
20%
No matching quizzes found
Score Distribution
Percent of People with Each Score
Percentile by Number Answered
Your Score History
You have not taken this quiz